00834nam a2200205 a 450000100100000000500170001000800410002704000250006810000350009324500600012826000630018830000200025149000320027150000630030350400280036671000730039483000390046795201050050699900170061100004329720201002040811.0140304s2012 dr 000 0 spa d aDO-SdBNPbspacBNPHU1 aReyes Sánchez, Miguel91602714aLos tratados internacionales /cMiguel Reyes Sánchez. aSanto Domingo, :bUNICARIBE,c2012fSomos Artes Gráficas a60 p. ;c24 cm.1 aCuadernos Diplomáticosv7 aIncluye datos biografícos del autor en la contraportada. aBibliografía p: 59-6012aUniversidad del CaribebEscuela de Relaciones Internacionales970929 0aCuadernos Diplomáticosn7970936 0010718PDaPDbPDcCTd2014-03-04iLF1l0o p43297-10r2020-06-25w2020-06-25yLFPDZNo se presta c42786d42786